000 00508cam a22002054a 4500
005 20250605164317.0
008 250528s ||||||||||||||||||||||||d
035 _a22736
020 _a9780071174398
040 _aGR-AtMCL
_bgre
_dGR-AtMCL
_eAACR2
245 1 _aFOUNDATIONS OF FINANCIAL MANAGEMENT
250 _a9
260 _bIrwin Mcgraw-Hill,
_c2000
300 _a682
700 1 _aBlock Stanley B.
_96689
700 1 _aHirt Geoffrey A
_96690
942 _cBK
999 _c7781
_d7781